000 00671nam a22002057a 4500
005 20160614142801.0
010 _aENG-115254
020 _a9789384082109
_c1595.00
035 _aEN-98786
037 _bDBAD/PUB
082 _a954.021
100 _a Z̤ia ud Dīn Barani
245 _aTarikh-i Firoz Shahi /
_ban English translation by Ishtiyaq Ahmad Zilli
260 _aDelhi
_bPrimus Books
_c2015
270 _aVirat Bhawan, Mukherjee Nagar Commercial Complex
_bDelhi
_e110009
300 _axiii,396p.
_c24cm(Hb)
500 _a Includes bibliographical references and index.
700 _aIshtiyaq Ahmad Zilli
942 _2ddc
_cEN
_mZIA
_h954.021
999 _c100288
_d100288